| 000 | 00712nam a22001577a 4500 | ||
|---|---|---|---|
| 999 |
_c14880 _d14880 |
||
| 003 | OSt | ||
| 082 | _2631.3 NID/IN | ||
| 088 | _aT 391 | ||
| 100 |
_aNIDHIN J.K _93961 |
||
| 245 | _aInvestigations on energy input-output in below sea level rice production systems in Kuttanad region of Kerala | ||
| 260 |
_aTavanur 2017 _bDEPARTMENT OF FARM POWER, MACHINERY AND ENERGY |
||
| 500 | _aInvestigations on energy input-output in below sea level rice production systems in Kuttanad region of Kerala | ||
| 520 | _aInvestigations on energy input-output in below sea level rice production systems in Kuttanad region of Kerala | ||
| 856 | _uhttps://drive.google.com/open?id=1eG-CwTaGNMhYBPlZ6nw47lBVZBL0lZit | ||
| 942 | _cTH | ||